| 000 | 00700nam a2200217 4500 | ||
|---|---|---|---|
| 008 | 160205b xxu||||| |||| 00| 0 eng d | ||
| 020 | _a9780078951138 | ||
| 082 |
_22012 _aDK12 512.07 _bAl394 |
||
| 245 |
_aAlgebra 1 / _cJohn A. Carter...[and 3 more]. |
||
| 250 | _aTeacher edition. | ||
| 260 |
_aBothell, WA : _bMcGraw Hill, _cc2012. |
||
| 300 |
_axiv, [960 pages] : _bcolor illustration ; _c28 cm. |
||
| 500 | _aIncludes appendix and index. | ||
| 650 | 0 |
_92480 _aAlgebra _vStudy and teaching (Secondary) |
|
| 650 | 0 |
_92481 _aAlgebra _vTextbooks |
|
| 650 | 0 |
_92482 _aAlgebra |
|
| 700 |
_92483 _aCuevas, Gilbert J. |
||
| 700 |
_92484 _aDay, Roger. |
||
| 700 |
_92485 _aMalloy, Carol. |
||
| 942 |
_2ddc _cBK |
||
| 999 |
_c945 _d945 |
||